000 00352nam a2200157Ia 4500
003 Ost
005 20260225132557.0
008 260225s9999||||xx |||||||||||||| ||und||
040 _cfsic
041 _afre
082 _a302.23
100 _aAlfred Hitchcock
_eAuteur
245 0 _aFenêtre sur cour /
245 0 _cAlfred Hitchcock
942 _cكتاب
999 _c34492
_d34492